000 01164nam a22002657a 4500
999 _c5742
_d5742
003 AR-CdUCM
008 190313b ||||| |||| 00| 0 spa d
040 _aMUNICIPALIDAD PROVINCIAL DEL CUSCO
_cBIBLIOTECA MUNICIPAL DEL CUSCO
082 _a190.3 /
_bB73
100 _aBonomi, Andrea
_917084
245 _aEstructuralismo y Filosofía /
260 _aBuenos Aires :
_bNueva Visión ,
_c1969.
300 _a176 páginas ;
_c19.5 cm.
505 _aContenido : Reflexiones sobre el problema de las estructuras -- Análisis sinbólico y mpetido estructural -- El Sentido de las estructuras en Lévi- Strauss -- Implicaciones Filosóficas en la antropología de Claude Leví - Strauss -- La deducción de la cocina y las cocinas de la deduccion -- Claude Lévi - Strauss y el nuevo eleatismo...
650 _aEstructuralismo
_915023
650 _aFilosofía del Estructuralismo
_917085
650 _aColoquio del Estructuralismo
_917086
700 _aGlucksmann, André
_917087
700 _aLefebvre, Henri
_917088
700 _aMouloud, Noël
_917089
700 _aPaco, Enzo
_917090
700 _aSerres, Michel
_917091
942 _2ddc
_cLIBROS
945 _artm